[Event "SuperUnited Blitz 2022"]
[Site "Zagreb CRO"]
[Date "2022.07.23"]
[Round "1.1"]
[White "Vachier-Lagrave, Maxime"]
[Black "Saric, Ivan"]
[Result "1-0"]
[WhiteTitle "GM"]
[BlackTitle "GM"]
[WhiteElo "2760"]
[BlackElo "2680"]
[WhiteFideId "623539"]
[BlackFideId "14508150"]
[EventDate "2022.07.23"]

1. c4 g6 2. d4 Nf6 3. h4 Bg7 4. Nc3 d6 5. e4 h5 6. Nge2 O-O 7. Bg5 Nbd7 8. Qd2
c5 9. d5 b5 10. cxb5 a6 11. Ng3 Qa5 12. a4 Ne5 13. Ra3 Qb4 14. Be2 axb5 15. axb5
Rxa3 16. bxa3 Qxa3 17. O-O Bb7 18. Rb1 Ra8 19. Qc2 c4 20. Bc1 Qc5 21. Be3 Qc8
22. Bd4 Nfd7 23. Qd1 Nc5 24. f4 Nb3 25. Bxe5 dxe5 26. f5 Qc5+ 27. Kh2 Ra3 28.
Bxh5 Qe3 29. fxg6 Qxc3 30. gxf7+ Kf8 31. Qg4 Nd2 32. Nf5 Nf3+ 33. Kh1 1-0

[Event "SuperUnited Blitz 2022"]
[Site "Zagreb CRO"]
[Date "2022.07.23"]
[Round "1.2"]
[White "Nepomniachtchi, Ian"]
[Black "Dominguez Perez, Leinier"]
[Result "1-0"]
[WhiteTitle "GM"]
[BlackTitle "GM"]
[WhiteElo "2766"]
[BlackElo "2754"]
[WhiteFideId "4168119"]
[BlackFideId "3503240"]
[EventDate "2022.07.23"]

1. e4 e5 2. f4 d5 3. exd5 exf4 4. Nf3 Nf6 5. Bb5+ c6 6. dxc6 Nxc6 7. Nc3 Bd6 8.
Qe2+ Be6 9. Nd4 Qd7 10. Nxe6 fxe6 11. d4 O-O 12. Bd2 Rae8 13. O-O-O a6 14. Bxc6
Qxc6 15. Rhe1 b5 16. Ne4 Nxe4 17. Qxe4 Qd5 18. Kb1 Qxe4 19. Rxe4 f3 20. g3 e5
21. d5 Bc5 22. Rf1 Rd8 23. Rxe5 Bd4 24. Rg5 h6 25. Rg4 Rxd5 26. c3 Bb6 27. Bxh6
Rf7 28. Rg6 Kh7 29. Rxb6 gxh6 30. Kc2 Re5 1-0

[Event "SuperUnited Blitz 2022"]
[Site "Zagreb CRO"]
[Date "2022.07.23"]
[Round "1.3"]
[White "Mamedyarov, Shakhriyar"]
[Black "So, Wesley"]
[Result "0-1"]
[WhiteTitle "GM"]
[BlackTitle "GM"]
[WhiteElo "2759"]
[BlackElo "2773"]
[WhiteFideId "13401319"]
[BlackFideId "5202213"]
[EventDate "2022.07.23"]

1. d4 Nf6 2. c4 e6 3. Nf3 d5 4. Nc3 c5 5. e3 dxc4 6. Bxc4 a6 7. O-O b5 8. Bb3
Bb7 9. Qe2 Nbd7 10. Rd1 Qc7 11. e4 cxd4 12. Nxd4 Bc5 13. Bxe6 fxe6 14. Nxe6 Qe5
15. Nxg7+ Kf7 16. Nh5 Rad8 17. Ng3 h5 18. Be3 h4 19. Nf5 Nxe4 20. Qf3 Ndf6 21.
Re1 b4 22. Bxc5 bxc3 23. Ba3 cxb2 24. Rab1 Rd2 25. h3 Rh5 26. Nd6+ Nxd6 27. Qb3+
Qd5 0-1

[Event "SuperUnited Blitz 2022"]
[Site "Zagreb CRO"]
[Date "2022.07.23"]
[Round "2.1"]
[White "Saric, Ivan"]
[Black "Van Foreest, Jorden"]
[Result "0-1"]
[WhiteTitle "GM"]
[BlackTitle "GM"]
[WhiteElo "2680"]
[BlackElo "2678"]
[WhiteFideId "14508150"]
[BlackFideId "1039784"]
[EventDate "2022.07.23"]

1. e4 e5 2. Nf3 Nc6 3. Bb5 Nf6 4. d3 Bc5 5. Bxc6 dxc6 6. O-O Nd7 7. Nbd2 O-O 8.
Nc4 f6 9. Kh1 a5 10. a4 Rf7 11. c3 Nf8 12. h3 Be6 13. Nxa5 Rxa5 14. b4 Bxb4 15.
cxb4 Ra8 16. d4 Rd7 17. Bb2 exd4 18. Nxd4 Bf7 19. Qd3 Ne6 20. Nxe6 Rxd3 21. Nxd8
Raxd8 22. Rac1 Rb3 23. Rfd1 Rxd1+ 24. Rxd1 Be6 25. Rd2 Rxb4 26. e5 Kf7 27. exf6
gxf6 28. a5 c5 29. Ba3 Rb5 30. a6 bxa6 31. f4 c4 32. Bb2 Rb3 33. Bd4 Bf5 34. Ra2
Rd3 35. Bc5 c3 36. Ba3 Rd1+ 37. Kh2 c2 0-1

[Event "SuperUnited Blitz 2022"]
[Site "Zagreb CRO"]
[Date "2022.07.23"]
[Round "2.4"]
[White "Dominguez Perez, Leinier"]
[Black "Mamedyarov, Shakhriyar"]
[Result "1-0"]
[WhiteTitle "GM"]
[BlackTitle "GM"]
[WhiteElo "2754"]
[BlackElo "2759"]
[WhiteFideId "3503240"]
[BlackFideId "13401319"]
[EventDate "2022.07.23"]

1. e4 e5 2. Nf3 Nc6 3. Bb5 a6 4. Ba4 Nf6 5. Nc3 Bc5 6. O-O b5 7. Bb3 d6 8. Nd5
O-O 9. c3 h6 10. d4 Ba7 11. h3 Rb8 12. Re1 Re8 13. Be3 Nxd5 14. Bxd5 exd4 15.
cxd4 Ne7 16. Bb3 Ng6 17. Qc2 Bb6 18. Rac1 Qf6 19. e5 Qf5 20. exd6 cxd6 21. Qxf5
Bxf5 22. Bd5 Ne7 23. Bb3 Be4 24. Bf4 Bxf3 25. Bxd6 Rb7 26. gxf3 Bxd4 27. Bd5 Rd7
28. Bc6 Rxd6 29. Bxe8 Kf8 30. Rc7 Bf6 31. Rd7 Rxd7 32. Bxd7 Bxb2 33. Re2 Bc3 34.
Rc2 b4 35. Re2 g6 36. Re4 Nd5 37. Bc6 Ne7 38. Bb7 a5 39. Rc4 Nf5 40. Be4 Nd6 41.
Rc6 Nxe4 42. fxe4 a4 43. Ra6 a3 44. Rb6 Kg7 45. Kf1 h5 46. Ke2 g5 47. f3 f6 48.
Kd3 Kg6 49. Kc4 g4 50. hxg4 hxg4 51. fxg4 Kg5 52. Rxb4 Bb2 53. Rb5+ Kxg4 54. Rf5
Kg3 55. Kd3 Kg4 56. Ke2 Be5 57. Kd3 Bb2 58. Kc4 1-0

[Event "SuperUnited Blitz 2022"]
[Site "Zagreb CRO"]
[Date "2022.07.23"]
[Round "2.5"]
[White "Vachier-Lagrave, Maxime"]
[Black "Nepomniachtchi, Ian"]
[Result "0-1"]
[WhiteTitle "GM"]
[BlackTitle "GM"]
[WhiteElo "2760"]
[BlackElo "2766"]
[WhiteFideId "623539"]
[BlackFideId "4168119"]
[EventDate "2022.07.23"]

1. e4 e5 2. Nf3 Nf6 3. Nxe5 d6 4. Nf3 Nxe4 5. d3 Nf6 6. d4 d5 7. Bd3 Bd6 8. Qe2+
Qe7 9. Qxe7+ Kxe7 10. O-O Nc6 11. Re1+ Kf8 12. c3 Ne7 13. Nbd2 Bf5 14. Bf1 h6
15. c4 dxc4 16. Nxc4 Bb4 17. Bd2 Bxd2 18. Ncxd2 Nfd5 19. Rac1 f6 20. Bc4 c6 21.
a3 Kf7 22. Ba2 Rhd8 23. Nc4 Kf8 24. Na5 Rab8 25. g3 Bg6 26. Nh4 Bf7 27. Bb1 Nc7
28. Nc4 Nb5 29. d5 Rxd5 30. Ne3 Rd2 31. Rc2 Rbd8 32. Nf3 Rxc2 33. Bxc2 Nd4 34.
Nxd4 Rxd4 35. Rd1 Rxd1+ 36. Bxd1 Nd5 37. Nxd5 Bxd5 38. f4 Ke7 39. Kf2 Kd6 40.
Ke3 c5 41. Kd2 c4 42. Kc3 Kc5 0-1

[Event "SuperUnited Blitz 2022"]
[Site "Zagreb CRO"]
[Date "2022.07.23"]
[Round "3.1"]
[White "Nepomniachtchi, Ian"]
[Black "Saric, Ivan"]
[Result "1-0"]
[WhiteTitle "GM"]
[BlackTitle "GM"]
[WhiteElo "2766"]
[BlackElo "2680"]
[WhiteFideId "4168119"]
[BlackFideId "14508150"]
[EventDate "2022.07.23"]

1. Nf3 Nf6 2. g3 d5 3. Bg2 g6 4. O-O Bg7 5. c4 dxc4 6. Qa4+ Nfd7 7. Qxc4 O-O 8.
Qc2 Nc6 9. Nc3 Nb6 10. b3 Bf5 11. d3 Qd7 12. Bb2 Bh3 13. Ne4 Bxg2 14. Kxg2 Nb4
15. Qd2 Bxb2 16. Qxb2 c6 17. h4 h5 18. Qe5 f6 19. Qf4 N4d5 20. Qh6 Qe8 21. Nc5
e5 22. Nxb7 Qf7 23. Nd6 Qg7 24. Qxg7+ Kxg7 25. Rfc1 Ne7 26. Nd2 Rfd8 27. Nb7 Rd5
28. Ne4 f5 29. Nec5 a5 30. Ne6+ Kf6 31. Nc7 Ra7 32. Nxd5+ cxd5 33. Rc7 Na8 34.
Rd7 1-0

[Event "SuperUnited Blitz 2022"]
[Site "Zagreb CRO"]
[Date "2022.07.23"]
[Round "3.2"]
[White "Mamedyarov, Shakhriyar"]
[Black "Vachier-Lagrave, Maxime"]
[Result "1-0"]
[WhiteTitle "GM"]
[BlackTitle "GM"]
[WhiteElo "2759"]
[BlackElo "2760"]
[WhiteFideId "13401319"]
[BlackFideId "623539"]
[EventDate "2022.07.23"]

1. d4 Nf6 2. c4 g6 3. Nc3 d5 4. Nf3 Bg7 5. e3 O-O 6. cxd5 Nxd5 7. Bc4 Nxc3 8.
bxc3 c5 9. O-O Qc7 10. Qe2 Nc6 11. Rd1 b6 12. e4 Bg4 13. Be3 Rad8 14. Rac1 e6
15. Bg5 cxd4 16. Bxd8 Rxd8 17. cxd4 Nxd4 18. Qe3 Bxf3 19. gxf3 Qe7 20. Ba6 Qh4
21. f4 e5 22. Qg3 Qxf4 23. Qxf4 exf4 24. Kf1 Be5 25. Rc8 Rxc8 26. Bxc8 Kf8 27.
Rc1 Ke7 28. Bh3 f3 29. Rc4 Kd6 30. Rc8 Bxh2 31. Rd8+ Ke5 32. Rd7 h5 33. Rxf7 g5
34. Rh7 Kxe4 35. Rxh5 Bf4 36. Rh7 a5 37. Ra7 Bd6 38. a4 Bc5 39. Bd7 Kf4 40. Ra8
Nb3 41. Bc6 g4 42. Ra7 Bxf2 43. Kxf2 g3+ 44. Kg1 Nd4 45. Rf7+ Ke3 46. Re7+ Kd2
47. Rd7 Ke1 48. Bxf3 Nxf3+ 49. Kg2 Nd2 50. Kxg3 Nc4 51. Kf4 Ke2 52. Ke4 Nb2 53.
Rd4 1-0

[Event "SuperUnited Blitz 2022"]
[Site "Zagreb CRO"]
[Date "2022.07.23"]
[Round "3.4"]
[White "Carlsen, Magnus"]
[Black "So, Wesley"]
[Result "0-1"]
[WhiteTitle "GM"]
[BlackTitle "GM"]
[WhiteElo "2864"]
[BlackElo "2773"]
[WhiteFideId "1503014"]
[BlackFideId "5202213"]
[EventDate "2022.07.23"]

1. e4 e5 2. Nf3 Nc6 3. Bc4 Bc5 4. c3 Nf6 5. d3 d6 6. Nbd2 a5 7. Nf1 O-O 8. Ng3
Be6 9. Bb5 Ne7 10. O-O c6 11. Ba4 Ng6 12. d4 Ba7 13. h3 exd4 14. Nxd4 d5 15.
Nxe6 fxe6 16. Bc2 Qc7 17. Kh2 dxe4 18. Qe2 Nf4 19. Qe1 Rad8 20. Bxe4 h5 21. Be3
Bb8 22. Kg1 Nxe4 23. Bxf4 Rxf4 24. Nxh5 Rf5 25. f4 Nd2 26. Qxe6+ Qf7 27. Qxf7+
Kxf7 28. Ng3 Rb5 29. Rfe1 Rxb2 30. Nf5 Rd7 31. Rad1 Bxf4 32. a4 Rd5 33. Nd4 g5
34. Re2 Nc4 35. Ree1 Ne3 36. Rb1 Rxg2+ 37. Kh1 Rg3 38. Rxb7+ Kg6 39. Nxc6 Rd2 0-1

[Event "SuperUnited Blitz 2022"]
[Site "Zagreb CRO"]
[Date "2022.07.23"]
[Round "4.1"]
[White "Saric, Ivan"]
[Black "Topalov, Veselin"]
[Result "1-0"]
[WhiteTitle "GM"]
[BlackTitle "GM"]
[WhiteElo "2680"]
[BlackElo "2728"]
[WhiteFideId "14508150"]
[BlackFideId "2900084"]
[EventDate "2022.07.23"]

1. e4 c5 2. Nf3 d6 3. d4 cxd4 4. Nxd4 Nf6 5. Nc3 a6 6. h3 e6 7. g4 h6 8. Bg2 Nc6
9. Nxc6 bxc6 10. e5 dxe5 11. Bxc6+ Bd7 12. Bxa8 Qxa8 13. Rg1 Qb7 14. Qe2 Bd6 15.
b3 Bc6 16. Rg3 e4 17. Re3 O-O 18. Bb2 Bf4 19. O-O-O a5 20. Kb1 a4 21. h4 axb3
22. axb3 Ra8 23. g5 hxg5 24. hxg5 Bxg5 25. Rg1 Ra5 26. Reg3 Bh6 27. Nd1 Nh5 28.
Rh3 Qb5 29. Qg4 Qf5 30. Qh4 Qf4 31. Qd8+ Kh7 32. Qxa5 1-0

[Event "SuperUnited Blitz 2022"]
[Site "Zagreb CRO"]
[Date "2022.07.23"]
[Round "4.2"]
[White "So, Wesley"]
[Black "Van Foreest, Jorden"]
[Result "0-1"]
[WhiteTitle "GM"]
[BlackTitle "GM"]
[WhiteElo "2773"]
[BlackElo "2678"]
[WhiteFideId "5202213"]
[BlackFideId "1039784"]
[EventDate "2022.07.23"]

1. e4 c6 2. d4 d5 3. Nc3 dxe4 4. Nxe4 Nf6 5. Nxf6+ exf6 6. Be3 Na6 7. c3 Nc7 8.
Bd3 Bd6 9. Ne2 f5 10. Qc2 Qf6 11. Bf4 O-O 12. O-O Re8 13. Rfe1 Bxf4 14. Nxf4 Bd7
15. g3 g6 16. h4 Qd6 17. Qd2 Ne6 18. Nxe6 Rxe6 19. Bc4 Ree8 20. h5 Kg7 21. h6+
Kf6 22. Re5 g5 23. Rae1 Kg6 24. Bd3 f6 25. Bxf5+ Kxh6 26. f4 Kg7 27. Qh2 h6 28.
Rxe8 Rxe8 29. Rxe8 Bxe8 30. Qe2 Bd7 31. Bd3 gxf4 32. Qe4 fxg3 33. Qh7+ Kf8 34.
Bc4 Ke8 35. Qxh6 Kd8 36. Kg2 c5 37. Qe3 Bc6+ 38. d5 Bxd5+ 39. Bxd5 Qxd5+ 40.
Kxg3 Qe5+ 41. Qxe5 fxe5 42. Kg4 Ke7 43. Kf5 Kd6 44. c4 a6 45. a3 b5 46. b3 b4
47. axb4 cxb4 48. c5+ Kxc5 49. Kxe5 a5 50. Ke4 Kb5 51. Kd3 a4 52. Kc2 a3 53. Kc1
Kc5 54. Kc2 Kd4 55. Kb1 Kc3 0-1

[Event "SuperUnited Blitz 2022"]
[Site "Zagreb CRO"]
[Date "2022.07.23"]
[Round "4.3"]
[White "Dominguez Perez, Leinier"]
[Black "Carlsen, Magnus"]
[Result "1-0"]
[WhiteTitle "GM"]
[BlackTitle "GM"]
[WhiteElo "2754"]
[BlackElo "2864"]
[WhiteFideId "3503240"]
[BlackFideId "1503014"]
[EventDate "2022.07.23"]

1. e4 e5 2. Nf3 Nc6 3. Bb5 a6 4. Ba4 Nf6 5. O-O Be7 6. Re1 b5 7. Bb3 O-O 8. a4
Bb7 9. d3 d6 10. Nbd2 Na5 11. Ba2 c5 12. Nf1 b4 13. Ne3 b3 14. cxb3 Nc6 15. b4
Nxb4 16. Bc4 Bc8 17. Bd2 Nc6 18. a5 Be6 19. Nd5 Rb8 20. Nxf6+ Bxf6 21. Bxa6 Qc7
22. Bc3 Bb3 23. Qd2 Nb4 24. Bxb4 Rxb4 25. Qc3 Ra8 26. Nd2 Rxa6 27. Nxb3 Bd8 28.
Ra3 Qb7 29. g3 h5 30. h4 Qd7 31. Qc2 Qg4 32. Qe2 Qe6 33. Qc2 g5 34. hxg5 h4 35.
Kg2 Bxg5 36. Nd2 Qg4 37. Nc4 d5 38. Nxe5 Qe6 39. Nf3 Bf6 40. Qxc5 Rxb2 41. Qxd5
h3+ 42. Kg1 Qg4 43. e5 Be7 44. Rc3 Rxa5 45. Rc4 Qf5 46. Qe4 Qxe4 47. Rcxe4 Raa2
48. Rf1 Ra3 49. Re3 Bc5 50. d4 Rxe3 51. fxe3 Rg2+ 52. Kh1 Be7 53. Ng1 Bg5 54.
Nxh3 Rxg3 55. Nxg5 1-0

[Event "SuperUnited Blitz 2022"]
[Site "Zagreb CRO"]
[Date "2022.07.23"]
[Round "4.5"]
[White "Nepomniachtchi, Ian"]
[Black "Mamedyarov, Shakhriyar"]
[Result "1/2-1/2"]
[WhiteTitle "GM"]
[BlackTitle "GM"]
[WhiteElo "2766"]
[BlackElo "2759"]
[WhiteFideId "4168119"]
[BlackFideId "13401319"]
[EventDate "2022.07.23"]

1. e4 e5 2. f4 Nf6 3. fxe5 Nxe4 4. Nf3 Ng5 5. d4 Nxf3+ 6. Qxf3 Qh4+ 7. Qf2 Qxf2+
8. Kxf2 d6 9. exd6 Bxd6 10. Nd2 O-O 11. Nc4 Be7 12. Bf4 Be6 13. Rd1 c6 14. Be2
Nd7 15. Na5 g5 16. Bd2 Nf6 17. Bd3 c5 18. h3 Rac8 19. Rhe1 b6 20. Nc4 cxd4 21.
Bxg5 Ng4+ 22. hxg4 Bxg5 23. Nd6 Rc6 24. Nf5 Bxf5 25. Bxf5 Rd8 26. Kf3 Kg7 27.
Re2 Rc5 28. g3 h6 29. Kg2 Rc7 30. Rf1 Re7 31. Rxe7 Bxe7 32. Bd3 Bf6 33. Rf5 Re8
34. Kf2 Re5 35. Kf3 Re3+ 36. Kf2 Re5 37. Kf3 Re3+ 38. Kf2 Re5 1/2-1/2

[Event "SuperUnited Blitz 2022"]
[Site "Zagreb CRO"]
[Date "2022.07.23"]
[Round "5.1"]
[White "Mamedyarov, Shakhriyar"]
[Black "Saric, Ivan"]
[Result "1-0"]
[WhiteTitle "GM"]
[BlackTitle "GM"]
[WhiteElo "2759"]
[BlackElo "2680"]
[WhiteFideId "13401319"]
[BlackFideId "14508150"]
[EventDate "2022.07.23"]

1. d4 Nf6 2. c4 g6 3. Nc3 Bg7 4. g3 d5 5. cxd5 Nxd5 6. Bg2 Nxc3 7. bxc3 c5 8.
Nf3 cxd4 9. cxd4 Nc6 10. O-O Nxd4 11. Nxd4 Qxd4 12. Rb1 O-O 13. Be3 Qc4 14. Bd5
Qg4 15. Qb3 Qxe2 16. Bc5 Be6 17. Bxe6 Qxe6 18. Qxe6 fxe6 19. Rxb7 Bf6 20. Bxa7
Rfc8 21. a4 Kf7 22. Rd1 Rc4 23. a5 Ra4 24. Bb6 R4xa5 25. Bxa5 Rxa5 26. Rb6 Ra2
27. Kg2 h5 28. Rb4 Rc2 29. Re1 Ra2 30. Ree4 Rc2 31. Rb6 e5 32. Rb1 Rd2 33. Rbe1
Rc2 34. R1e2 Rc3 35. R4e3 Rc5 36. Re4 Rb5 37. h4 Rc5 38. f3 Rb5 39. Kh3 Rb3 40.
R4e3 Rb1 41. Re4 Rh1+ 42. Rh2 Rf1 43. Re3 Rb1 44. g4 Rb4 45. g5 Bg7 46. Rc2 Rb7
47. Rc6 Rd7 48. Rb3 Bf8 49. Kg3 Rd6 50. Rxd6 exd6 51. Kf2 Be7 52. Ke3 Ke6 53.
Rb6 Bd8 54. Ra6 Be7 55. Ra8 Kf7 56. Rb8 Ke6 57. Rh8 d5 58. Ra8 Bc5+ 59. Kd3 Bf2
60. Ra6+ Kf7 61. Ra4 Ke6 62. Ra6+ Kf7 63. f4 e4+ 64. Ke2 Bxh4 65. Rf6+ Kg7 66.
Rd6 Bg3 67. Ke3 h4 68. Rd7+ Kf8 69. Rxd5 h3 70. Rd1 h2 71. Rh1 Kf7 72. Kxe4 Ke6
73. Kf3 1-0

[Event "SuperUnited Blitz 2022"]
[Site "Zagreb CRO"]
[Date "2022.07.23"]
[Round "5.4"]
[White "Van Foreest, Jorden"]
[Black "Dominguez Perez, Leinier"]
[Result "1/2-1/2"]
[WhiteTitle "GM"]
[BlackTitle "GM"]
[WhiteElo "2678"]
[BlackElo "2754"]
[WhiteFideId "1039784"]
[BlackFideId "3503240"]
[EventDate "2022.07.23"]

1. e4 e5 2. Nf3 Nf6 3. Nxe5 d6 4. Nf3 Nxe4 5. d4 d5 6. Bd3 Nc6 7. O-O Be7 8.
Nbd2 Bf5 9. Re1 Nxd2 10. Qxd2 Bxd3 11. Qxd3 O-O 12. Re2 Qd7 13. Bf4 Rfe8 14.
Rae1 Bf8 15. c3 Rxe2 16. Rxe2 Ne7 17. h4 c6 18. Ne5 Qf5 19. Qxf5 Nxf5 20. h5 f6
21. Nd7 Rd8 22. Nxf8 Kxf8 23. g4 Ne7 24. Kg2 Kf7 25. a4 Re8 26. f3 Nc8 27. Rxe8
Kxe8 28. Kf2 g6 29. hxg6 hxg6 30. Ke3 Kd7 31. b3 b5 32. a5 a6 33. b4 Ke6 34. Bg3
Ne7 35. Bf4 g5 36. Bg3 f5 37. Ke2 fxg4 38. fxg4 Ng8 39. Be5 Nh6 40. Kf3 Nf7 41.
Bg3 Kf6 42. Bh2 Ke6 43. Bg3 Kf6 44. Bh2 Ke6 45. Bg3 1/2-1/2

[Event "SuperUnited Blitz 2022"]
[Site "Zagreb CRO"]
[Date "2022.07.23"]
[Round "6.1"]
[White "Saric, Ivan"]
[Black "So, Wesley"]
[Result "0-1"]
[WhiteTitle "GM"]
[BlackTitle "GM"]
[WhiteElo "2680"]
[BlackElo "2773"]
[WhiteFideId "14508150"]
[BlackFideId "5202213"]
[EventDate "2022.07.23"]

1. e4 e5 2. Nf3 Nc6 3. Bb5 Nf6 4. d3 Bc5 5. Bg5 h6 6. Bh4 Ne7 7. Bxf6 gxf6 8. d4
exd4 9. O-O c6 10. Bc4 O-O 11. Nxd4 d6 12. c3 f5 13. Nd2 Kg7 14. Bd3 f4 15. N2f3
Ng6 16. Nf5+ Bxf5 17. exf5 Ne5 18. b4 Bb6 19. a4 a6 20. Nxe5 dxe5 21. Qe2 Qf6
22. Be4 Rfd8 23. Rfd1 Rxd1+ 24. Rxd1 Rd8 25. Rxd8 Qxd8 26. g3 fxg3 27. hxg3 Qg5
28. Kg2 h5 29. Bd3 Kf6 30. Kh3 h4 31. Qg4 Bxf2 32. Qxh4 Qxh4+ 33. gxh4 Be1 34.
b5 cxb5 35. axb5 a5 36. c4 Bf2 37. Bc2 Ke7 38. h5 Be3 39. Kg4 Kd6 40. Kf3 Bf4
41. Ke4 Kc5 42. Kd3 Kb4 43. f6 b6 44. Bb1 a4 45. Kc2 Bg5 46. Ba2 Kc5 47. Kd3
Bxf6 48. h6 Bh8 49. Ke4 a3 50. h7 Bg7 51. Bb3 Bh8 52. Ba2 Kd6 53. Kf5 Bg7 54.
Ke4 Kc5 55. Bb3 Kb4 56. Ba2 Bh8 57. Kf5 Kc5 58. Ke4 f5+ 59. Kxf5 Kd4 60. Bb1 e4
61. c5 e3 62. cxb6 e2 63. b7 e1=Q 64. b8=Q Qxb1+ 65. Kg4 Qe4+ 66. Kh3 Qxh7+ 67.
Kg2 Qe4+ 68. Kf1 Qf3+ 69. Ke1 Bf6 70. Qd6+ Kc4 71. b6 Bc3+ 0-1

[Event "SuperUnited Blitz 2022"]
[Site "Zagreb CRO"]
[Date "2022.07.23"]
[Round "6.2"]
[White "Dominguez Perez, Leinier"]
[Black "Topalov, Veselin"]
[Result "1/2-1/2"]
[WhiteTitle "GM"]
[BlackTitle "GM"]
[WhiteElo "2754"]
[BlackElo "2728"]
[WhiteFideId "3503240"]
[BlackFideId "2900084"]
[EventDate "2022.07.23"]

1. e4 e5 2. Nf3 Nc6 3. Bb5 a6 4. Ba4 Nf6 5. Nc3 Bc5 6. O-O O-O 7. d3 d6 8. Bxc6
bxc6 9. Bg5 h6 10. Bh4 Rb8 11. h3 Re8 12. b3 Bd7 13. Qd2 Kh7 14. Rfe1 Bb4 15. a3
Bxc3 16. Qxc3 g5 17. Bg3 Nh5 18. d4 f6 19. Rad1 Qe7 20. Qd3 Bc8 21. Nh2 Nf4 22.
Qc4 Rb6 23. Nf1 Be6 24. Qc3 Qf7 25. Ne3 Rg8 26. f3 exd4 27. Qxd4 c5 28. Qd2 Ng6
29. b4 cxb4 30. axb4 Ne5 31. c3 Nc4 32. Nxc4 Bxc4 33. Qe3 Re8 34. Qf2 Rb5 35.
Ra1 Rbb8 36. Kh2 Re7 37. Qd4 Rbe8 38. Kg1 f5 39. exf5 Re2 40. Rxe2 Bxe2 41. f6
Kg6 42. Re1 Qxf6 43. Qd2 Bb5 44. Rxe8 Bxe8 45. Bf2 Qf5 46. Bd4 Qb1+ 47. Kh2 Qf5
48. Qe1 Kf7 49. Qe2 Bb5 50. Qe1 Qf4+ 51. Kh1 Qf5 52. Kg1 Qd3 53. Kh2 Qf5 54. Kh1
Qd3 55. Qg3 Qb1+ 56. Kh2 Qf5 57. Be3 Qe5 58. f4 gxf4 59. Bxf4 Qf6 60. Qe3 h5 61.
Bg3 Qf5 62. Qd4 Bc6 63. Qc4+ Qd5 64. Qxd5+ Bxd5 65. Bf2 Bc6 66. Bg3 Bd5 67. Bf2
Bc6 68. Bg3 Bd5 1/2-1/2

[Event "SuperUnited Blitz 2022"]
[Site "Zagreb CRO"]
[Date "2022.07.23"]
[Round "6.3"]
[White "Vachier-Lagrave, Maxime"]
[Black "Van Foreest, Jorden"]
[Result "0-1"]
[WhiteTitle "GM"]
[BlackTitle "GM"]
[WhiteElo "2760"]
[BlackElo "2678"]
[WhiteFideId "623539"]
[BlackFideId "1039784"]
[EventDate "2022.07.23"]

1. c4 e6 2. g3 d5 3. Bg2 dxc4 4. Qa4+ Nc6 5. Nf3 Bd6 6. Na3 Bxa3 7. bxa3 Ne7 8.
Qxc4 O-O 9. Bb2 Qd6 10. O-O e5 11. d4 Be6 12. dxe5 Bxc4 13. exd6 cxd6 14. Rfe1
Rac8 15. Nd2 Bd5 16. Ne4 Rfd8 17. Red1 Bxe4 18. Bxe4 d5 19. Bf3 f6 20. Bg4 Rc7
21. Rac1 Kf7 22. e4 g6 23. exd5 Rxd5 24. Re1 Rd6 25. Bd1 Nf5 26. Kg2 Re7 27.
Bb3+ Kg7 28. Rxe7+ Nfxe7 29. Rd1 Rxd1 30. Bxd1 Ne5 31. Be2 g5 32. f4 gxf4 33.
gxf4 N5c6 34. Kf3 Kg6 35. Bd3+ f5 36. Bc4 Nc8 37. a4 Nd6 38. Bd5 Nb4 39. Bb3 Nc6
40. Ke3 Ne4 41. Bd5 Nc5 42. Bb3 Nxb3 43. axb3 Kh5 44. Bf6 Kg4 45. h4 Nb4 46. Kd4 0-1

[Event "SuperUnited Blitz 2022"]
[Site "Zagreb CRO"]
[Date "2022.07.23"]
[Round "7.3"]
[White "Van Foreest, Jorden"]
[Black "Nepomniachtchi, Ian"]
[Result "0-1"]
[WhiteTitle "GM"]
[BlackTitle "GM"]
[WhiteElo "2678"]
[BlackElo "2766"]
[WhiteFideId "1039784"]
[BlackFideId "4168119"]
[EventDate "2022.07.23"]

1. e4 e5 2. Nf3 Nf6 3. Nxe5 d6 4. Nf3 Nxe4 5. d4 d5 6. Bd3 Nc6 7. O-O Be7 8. Re1
Bf5 9. Nbd2 Nxd2 10. Qxd2 Qd7 11. Bb5 O-O 12. Ne5 Qd6 13. Nxc6 bxc6 14. Bd3 Bxd3
15. Qxd3 c5 16. dxc5 Qxc5 17. Be3 Qc6 18. Rad1 Rfd8 19. c3 a5 20. h3 a4 21. Bf4
Bf6 22. Be5 Rab8 23. Bxf6 Qxf6 24. Rd2 h6 25. Qc2 Qa6 26. Rd4 a3 27. b3 c5 28.
Ra4 Qd6 29. Rxa3 Re8 30. Rd1 Re5 31. Ra4 Rbe8 32. g3 d4 33. cxd4 Re1+ 34. Rxe1
Rxe1+ 35. Kg2 Qd5+ 36. f3 Re3 37. Qf2 cxd4 38. Rc4 h5 39. h4 g6 40. Rc2 Rc3 41.
Rd2 d3 42. Qe3 Rc2 43. Kf2 Qa5 44. Rxc2 dxc2 45. a4 Qd5 46. Qc3 Qd1 47. Qc8+ Kh7 0-1

[Event "SuperUnited Blitz 2022"]
[Site "Zagreb CRO"]
[Date "2022.07.23"]
[Round "7.5"]
[White "So, Wesley"]
[Black "Dominguez Perez, Leinier"]
[Result "1/2-1/2"]
[WhiteTitle "GM"]
[BlackTitle "GM"]
[WhiteElo "2773"]
[BlackElo "2754"]
[WhiteFideId "5202213"]
[BlackFideId "3503240"]
[EventDate "2022.07.23"]

1. Nf3 Nf6 2. b3 c5 3. Bb2 Nc6 4. c4 d5 5. cxd5 Nxd5 6. Nc3 e5 7. Nxd5 Qxd5 8.
e3 Be7 9. Bc4 Qd6 10. Bb5 f6 11. O-O O-O 12. d4 cxd4 13. exd4 Nxd4 14. Nxd4 exd4
15. Re1 Bd7 16. Bc4+ Kh8 17. a4 Rad8 18. Ba3 Qxa3 19. Rxa3 Bxa3 20. Qxd4 b6 21.
Rd1 Bc5 22. Qd3 Be7 23. Qe2 Bc5 24. h4 Rde8 25. Qf3 Bc8 26. h5 h6 27. Bd3 f5 28.
Bb5 Re4 29. Bc6 Re7 30. g3 a5 31. Rd5 Re1+ 32. Kg2 Be6 33. Rd1 Re5 34. Bd5 Bxd5
35. Rxd5 Rxd5 36. Qxd5 Rf6 37. Qd8+ Kh7 38. Qe8 Rd6 39. Qe2 Rf6 40. Qd3 Kh8 41.
f3 Rf8 42. Kf1 Rf6 43. Qd5 Rf8 44. Ke2 Rf6 45. Qa8+ Rf8 46. Qc6 Rf6 47. Qd7 Kh7
48. Qe8 Rf8 49. Qg6+ Kh8 50. Kd3 Rf6 51. Qe8+ Kh7 52. Kc4 Rf8 53. Qd7 Rf6 54.
Qd3 Kh8 55. Kb5 Rf8 56. b4 Bxb4 57. Kxb6 Rf6+ 58. Kb5 Rf8 59. Qd7 Rf6 60. Kc4
Kh7 61. Kd5 Kh8 62. Qc8+ Rf8 63. Qc2 Rf6 64. Qe2 Rd6+ 65. Ke5 Rf6 66. Qd3 Rf8
67. Kf4 Rf6 68. Ke3 Re6+ 69. Kf2 Rf6 70. Kg2 Rf8 71. Kh3 Rf6 72. g4 fxg4+ 73.
fxg4 Rf8 74. Qd5 Rf6 75. g5 hxg5 76. Qxg5 Rh6 77. Kg4 Rf6 78. Qd5 Rh6 79. Qa8+
Kh7 80. Qe4+ Kh8 81. Qf5 Rf6 82. Qc8+ Kh7 83. Qc2+ Kh8 84. Qe4 Rh6 85. Kf3 Rf6+
86. Ke2 Rh6 87. Kd3 Rf6 88. Kc4 Rh6 89. Qe8+ Kh7 90. Kd5 Rf6 91. Kc4 Rh6 92. Kd5
Rf6 93. Kc4 1/2-1/2